Non-dinosaurs - Statistics

General Stats
  • This quiz has been taken 110 times
  • The average score is 6 of 16
Answers on the Grid
Answers color-coded by a green-red scale on the quiz's grid according to % correct below.
Postosuchus
Bald Eagle
Megalodon
Tanystropheus
Guanlong
Dimetrodon
Mosasaurus
Placerias
Coelophysis
Mamenchisaurus
Silesaurus
Trilobite
Proceratosaurus
Meganeura
Acrocanthosaurus
Iguanodon
Vulcanodon
Endoceras
Struthiomimus
Purple Swamphen
Plesiosaurus
Red Wolf
Passenger pidgeon
Mononykus
Pteranodon
Great Grey Shrike
Whale Shark
Basilosaurus
Dunkleosteus
African Grey Parrot
 
Answer Stats
Answer % Correct
Whale Shark
57%
Red Wolf
51%
Megalodon
46%
Plesiosaurus
46%
Postosuchus
46%
Dimetrodon
43%
Dunkleosteus
43%
Mosasaurus
40%
Trilobite
40%
Pteranodon
37%
Meganeura
34%
Basilosaurus
31%
Endoceras
26%
Tanystropheus
26%
Placerias
23%
Silesaurus
14%
No matching quizzes found
Score Distribution
Percent of People with Each Score
Percentile by Number Answered
Your Score History
You have not taken this quiz